| 000 | 00432nam a22001577a 4500 | ||
|---|---|---|---|
| 008 | 230322b |||||||| |||| 00| 0 eng d | ||
| 040 |
_aNational Science Library _cNational Science Library |
||
| 080 |
_a658 _bN5 |
||
| 100 | _aDrucker, Peter F | ||
| 245 | _aPractice of management | ||
| 260 |
_aLondon: _bButterworth Heinemann, _c1955 |
||
| 300 | _avii, 399p. | ||
| 650 | _aManagement | ||
| 653 | _aMarketing | ||
| 942 |
_2udc _cREF |
||
| 999 |
_c12454 _d12454 |
||